<?xml version="1.0" encoding="UTF-8"?><?xml-stylesheet type="text/xsl" href="static/style.xsl"?><OAI-PMH xmlns="http://www.openarchives.org/OAI/2.0/" xmlns:xsi="http://www.w3.org/2001/XMLSchema-instance" xsi:schemaLocation="http://www.openarchives.org/OAI/2.0/ http://www.openarchives.org/OAI/2.0/OAI-PMH.xsd"><responseDate>2026-06-03T22:43:52Z</responseDate><request verb="GetRecord" identifier="oai:riuma.uma.es:10630/23782" metadataPrefix="marc">https://riuma.uma.es/rest/oai/request</request><GetRecord><record><header><identifier>oai:riuma.uma.es:10630/23782</identifier><datestamp>2026-02-03T11:13:39Z</datestamp><setSpec>com_10630_2254</setSpec><setSpec>col_10630_37953</setSpec></header><metadata><record xmlns="http://www.loc.gov/MARC21/slim" xmlns:dcterms="http://purl.org/dc/terms/" xmlns:doc="http://www.lyncode.com/xoai" xmlns:xsi="http://www.w3.org/2001/XMLSchema-instance" xsi:schemaLocation="http://www.loc.gov/MARC21/slim http://www.loc.gov/standards/marcxml/schema/MARC21slim.xsd">
   <leader>00925njm 22002777a 4500</leader>
   <datafield ind2=" " ind1=" " tag="042">
      <subfield code="a">dc</subfield>
   </datafield>
   <datafield ind2=" " ind1=" " tag="720">
      <subfield code="a">Chicharro-Luna, Esther</subfield>
      <subfield code="e">author</subfield>
   </datafield>
   <datafield ind2=" " ind1=" " tag="720">
      <subfield code="a">Gijón-Noguerón, Gabriel</subfield>
      <subfield code="e">author</subfield>
   </datafield>
   <datafield ind2=" " ind1=" " tag="720">
      <subfield code="a">Sanchez-Rodriguez, Raquel</subfield>
      <subfield code="e">author</subfield>
   </datafield>
   <datafield ind2=" " ind1=" " tag="720">
      <subfield code="a">Martínez-Nova, Alfonso</subfield>
      <subfield code="e">author</subfield>
   </datafield>
   <datafield ind2=" " ind1=" " tag="260">
      <subfield code="c">2022-02-04</subfield>
   </datafield>
   <datafield ind2=" " ind1=" " tag="520">
      <subfield code="a">Introduction: Socks are of fundamental importance in reducing friction and in controlling the temperature and&#xd;
humidity of the foot, thus preventing the appearance of blisters. However, the influence of sock fibres (synthetic&#xd;
vs. natural) on blistering during long-distance hiking has received little research attention.&#xd;
Aims: This study evaluates the influence of sock fibres on the appearance of foot blisters in hikers.&#xd;
Method: The sample consisted of 203 male and female hikers, mean age 35.8 ± 14.5 years, from 22 countries. All&#xd;
were interviewed and assessed at shelters on the French route of the Camino de Santiago (Spain). Sociodemo-&#xd;
graphic and clinical data were obtained for each hiker; other study data included the number of blisters on the&#xd;
foot, whether the socks were wet at the end of the day, the model of sock used and the nature of its constituent&#xd;
fibres.&#xd;
Results: Among the hikers interviewed, 68.5% presented foot blisters. 74.2% used socks with predominantly&#xd;
synthetic fibres, compared to 25.9% whose socks were mainly composed of natural fibres. On average, they had&#xd;
walked 253.7 km. Hiking in wet socks was associated with a 1.94 times greater risk of experiencing foot blisters&#xd;
(95% CI 1.04–3.61) (p = 0.035). Multivariate analysis showed that the proportion of natural/synthetic fibres in&#xd;
the composition of the sock was not related to the presence of blisters.&#xd;
Conclusions: The use of wet socks heightens the risk of foot blisters in hikers, but the composition of the sock is&#xd;
not associated with blistering. We recommend hikers change their socks in long stages to maintain feet dry and so&#xd;
avoiding the appereance of blisters</subfield>
   </datafield>
   <datafield ind1="8" ind2=" " tag="024">
      <subfield code="a">The influence of sock composition on the appearance of foot blisters in hikers Chicharro-Luna Esther, Gijon-Nogueron Gabriel, Sanchez-Rodriguez Raquel, Martínez-Nova Alfonso Journal of Tissue Viability journal doi.org/10.1016/j.jtv.2022.02.002</subfield>
   </datafield>
   <datafield ind1="8" ind2=" " tag="024">
      <subfield code="a">https://hdl.handle.net/10630/23782</subfield>
   </datafield>
   <datafield ind1="8" ind2=" " tag="024">
      <subfield code="a">10.1016/j.jtv.2022.02.002</subfield>
   </datafield>
   <datafield tag="653" ind2=" " ind1=" ">
      <subfield code="a">Pies-Lesiones y heridas</subfield>
   </datafield>
   <datafield tag="653" ind2=" " ind1=" ">
      <subfield code="a">Fibras textiles</subfield>
   </datafield>
   <datafield tag="653" ind2=" " ind1=" ">
      <subfield code="a">Senderismo</subfield>
   </datafield>
   <datafield ind2="0" ind1="0" tag="245">
      <subfield code="a">The influence of sock composition on the appearance of foot blisters in hikers</subfield>
   </datafield>
</record>
</metadata></record></GetRecord></OAI-PMH>